| 000 | 00866nam a22002417a 4500 | ||
|---|---|---|---|
| 999 |
_c2902 _d2902 |
||
| 003 | AR-CdUCM | ||
| 008 | 190305b ||||| |||| 00| 0 spa d | ||
| 040 |
_aMUNICIPALIDAD PROVINCIAL DEL CUSCO _cBIBLIOTECA MUNICIPAL DEL CUSCO |
||
| 041 | _heng | ||
| 082 |
_a320.157 / _bL345 |
||
| 100 |
_aLaski, Harold J. _99989 |
||
| 245 | _aEl problema de la soberanía / | ||
| 260 |
_aBuenos Aires : _bEditorial Dedalo, _c1960. |
||
| 300 |
_a185 Páginas ; _c20 cm. |
||
| 505 | _aContenido: La soberanía del Estado -- La teoría política de la separación -- La teoría política del movimiento de Oxford -- La teoría política del renacimiento del catolicismo ... | ||
| 650 |
_aEstado _9738 |
||
| 650 |
_aCiencias sociales _91096 |
||
| 650 |
_aPolítica _9291 |
||
| 650 |
_aRenacimiento _95449 |
||
| 650 |
_aCatolicismo _92175 |
||
| 942 |
_2ddc _cLIBROS |
||
| 945 | _adavv | ||